00686nam a2200181Ia 4500100002500000650001800025250000600043942000700049366000700056245005100063260003500114082001800149300000800167546002400175999001700199952014400216952014400360 aLathi/B.P/ Ding/Zhi  aCommunication a4 cBK f25 aModern digial and analog communication systems bOxford university pressc2008 a621.3804bLAT a903 aENGLISHcPAMPHALETS c25776d25776 001040708CRCaCRCEbCRCEd2023-03-17eBook Baseg468.75i12317 dt 22/06/2013l0o621.3804 LATp22785r2023-03-17v625.00w0000-00-00yBK 001040708CRCaCRCEbCRCEd2023-03-17eBook Baseg468.75i12317 dt 22/06/2013l0o621.3804 LATp22786r2023-03-17v625.00w0000-00-00yBK